[Event "Petersburg Autumn"]
[Site "St Petersburg RUS"]
[Date "2006.11.07"]
[Round "8"]
[White "Senkevich,K"]
[Black "Listmangof,M"]
[Result "1-0"]
[WhiteElo "2106"]
[BlackElo "2007"]

1.e4 c5 2.Nf3 d6 3.Bb5+ Bd7 4.Bxd7+ Qxd7 5.O-O Nc6 6.c3 Nf6 7.Re1 e5 8.d4 g6
9.Bg5 Bg7 10.Na3 h6 11.Bxf6 Bxf6 12.dxc5 dxc5 13.Qxd7+ Kxd7 14.Rad1+ Ke7
15.Rd5 b6 16.Nc4 Rhd8 17.Ncxe5 Nxe5 18.Nxe5 Rxd5 19.exd5 Bxe5 20.Rxe5+ Kd6
21.f4 f6 22.Re6+ Kxd5 23.Rxf6 Rg8 24.Kf2 h5 25.f5 gxf5 26.Rxf5+ Ke4 27.Rxh5 Kd3
28.Re5 Rf8+ 29.Kg1 Rf4 30.g3 Ra4 31.a3 Rc4 32.Kf2 Rg4 33.h3 Rg8 34.g4 Rf8+
35.Rf5 Re8 36.Kg3 Re1 37.Rf2 b5 38.g5 a5 39.h4 b4 40.cxb4 axb4 41.axb4 cxb4
42.h5 b3 43.h6 Rc1 44.h7 Rc2 45.h8=Q  1-0

[Event "Ataturk Festival Open"]
[Site "Adana TUR"]
[Date "2006.11.08"]
[Round "3"]
[White "Duman,A"]
[Black "Shanava,K"]
[Result "0-1"]
[WhiteElo "2228"]
[BlackElo "2513"]

1.e4 c5 2.Nf3 d6 3.Bb5+ Nc6 4.O-O Bg4 5.h3 Bh5 6.c3 Qb6 7.Ba4 O-O-O 8.d3 e6
9.Nbd2 Nf6 10.Rb1 d5 11.Qc2 c4 12.d4 Nxe4 13.Nxe4 dxe4 14.Bxc6 exf3 15.Bxf3 Bxf3
16.gxf3 Qc6 17.Qe4 Rd5 18.Bf4 b6 19.b3 Kb7 20.Qe2 cxb3 21.axb3 Bd6 22.Bxd6 Qxd6
23.Ra1 Kb8 24.Rfd1 Rc8 25.c4 Rg5+ 26.Kf1 Qh2 27.Qe4 Qxh3+ 28.Ke2 Qf5 29.Qe3 Rd8
30.Ra6 Rd7 31.Ra2 Rh5 32.b4 Rh4 33.Rad2 g5 34.b5 g4 35.f4 Rh3 36.Qe5+ Qxe5+
37.dxe5 Rxd2+ 38.Rxd2 Kc8 39.Ra2 Kb8 40.Rd2 Rf3 41.Rd8+ Kc7 42.Ra8 Kb7 43.Rh8 Rxf4
44.Rxh7 Rf5 45.Kd3 Rxf2 46.Rg7 Rf4 47.Rg8 a6 48.Re8 axb5 49.cxb5 g3 50.Ke3 Rb4
51.Kd3  0-1

[Event "TCh-ROM Divizia A Masculin"]
[Site "Predeal ROM"]
[Date "2006.11.08"]
[Round "5"]
[White "Baklan,V"]
[Black "Fedorov,Alex"]
[Result "1/2-1/2"]
[WhiteElo "2622"]
[BlackElo "2617"]

1.e4 c5 2.Nf3 d6 3.Bb5+ Nd7 4.O-O Nf6 5.d4 a6 6.Bxd7+ Nxd7 7.Nc3 e6 8.Bg5 f6
9.Be3 Be7 10.dxc5 dxc5 11.a4 Qc7 12.Qe2 O-O 13.Qc4 Qc6 14.Rfe1 Rf7 15.Rad1 Rb8
16.a5 b5 17.axb6 Rxb6 18.Qa2 Rb4 19.Nd2  1/2-1/2

[Event "RGSU GM"]
[Site "Moscow RUS"]
[Date "2006.11.10"]
[Round "5"]
[White "Komliakov,V"]
[Black "Tairova,E"]
[Result "1/2-1/2"]
[WhiteElo "2438"]
[BlackElo "2415"]

1.e4 c5 2.Nf3 d6 3.Bb5+ Bd7 4.Bxd7+ Qxd7 5.O-O Nf6 6.Re1 Nc6 7.c3 e6 8.d4 cxd4
9.cxd4 d5 10.e5 Ne4 11.Nbd2 Nxd2 12.Bxd2 Be7 13.Rc1 O-O 14.Qb3 Rfc8 15.Kf1  1/2-1/2

[Event "TCh-NOR 2006-7"]
[Site "Oslo NOR"]
[Date "2006.11.10"]
[Round "1"]
[White "Fossan,E"]
[Black "Sahl,Bj"]
[Result "1/2-1/2"]
[WhiteElo "2382"]
[BlackElo "2389"]

1.e4 c5 2.Nf3 d6 3.Bb5+ Nd7 4.d4 cxd4 5.Qxd4 e5 6.Qd3 Be7 7.Nc3 Nf6 8.Bg5 O-O
9.Bxd7 Qxd7 10.Bxf6 Bxf6 11.O-O b6 12.Rad1 Rd8 13.Nd5 Bb7 14.Nxf6+ gxf6 15.Nh4 Kh8
16.Qf3 Qe6 17.c4 Ba6 18.b3 b5 19.Rd2 bxc4 20.bxc4 Bxc4 21.Rfd1 Bb5 22.h3 Ba4
23.Rc1 Bd7 24.Rc7 d5 25.Rxd5 Bc6 26.Rc5 Bd7 27.Nf5 Qxa2 28.Rd5 Be6 29.Rdc5 Bxf5
30.Qxf5 Qe6 31.Qh5 Rd7  1/2-1/2

[Event "TCh-NOR 2006-7"]
[Site "Oslo NOR"]
[Date "2006.11.10"]
[Round "1"]
[White "Persson,M2"]
[Black "Hagesaether,H"]
[Result "1-0"]
[WhiteElo "2101"]
[BlackElo "2244"]

1.e4 c5 2.Nf3 d6 3.Bb5+ Nd7 4.O-O Nf6 5.Re1 a6 6.Bf1 b6 7.d4 cxd4 8.Nxd4 Bb7
9.f3 e6 10.c4 Be7 11.Nc3 O-O 12.Be3 Rc8 13.Rc1 Rc7 14.Qd2 Qa8 15.Qf2 Rfc8
16.Na4 b5 17.cxb5 Rxc1 18.Rxc1 Rxc1 19.Bxc1 d5 20.exd5 Nxd5 21.Nb3 axb5 22.Bxb5 Bc6
23.Qe2 Qa7+ 24.Kf1 Bxb5 25.Qxb5 h6 26.Nc3 Nxc3 27.bxc3 Nf6 28.a4 Nd5 29.c4 Ne3+
30.Ke2 Nxg2 31.c5 Qc7 32.Qe8+ Kh7 33.Qxf7 Qxh2 34.Kd1 Qg1+ 35.Kc2 Qf2+ 36.Kb1 Ne1
37.Bd2 Nxf3 38.Qxe7 Nxd2+ 39.Nxd2 Qxd2 40.Qd6 Qb4+ 41.Kc1 Qxa4 42.c6 Qa1+
43.Kc2 Qa4+ 44.Kc3 Qa5+ 45.Kd3 Qa6+ 46.Ke3 Qb6+ 47.Ke4 h5 48.Qxe6 Qb4+ 49.Kd5 Qa5+
50.Kd6 Qd8+ 51.Qd7 Qf6+ 52.Qe6 Qd8+ 53.Qd7 Qf6+ 54.Kd5 Qf3+ 55.Kc4 Qe4+ 56.Kc5 Qc2+
57.Kd6 Qd2+ 58.Ke7 Qg5+ 59.Ke8 Qe5+ 60.Qe7 Qf5 61.Kd8 Qd5+ 62.Qd7 Qc5 63.Qd3+ Kh6
64.c7 Qb6 65.Kd7 Qa7 66.Qd6+ Kh7 67.Kd8 Qa5 68.Ke8 Qa8+ 69.Ke7 h4 70.Qd3+ Kh6
71.Kf7 Qa2+ 72.Kf8 Qe6 73.Qd2+ g5 74.Qd8 Qf5+ 75.Ke7 Qe5+ 76.Kd7 Qd5+ 77.Ke7 Qe5+
78.Kf7 Kh5  1-0

[Event "TCh-ROM Divizia A Masculin"]
[Site "Predeal ROM"]
[Date "2006.11.10"]
[Round "7"]
[White "Carmaciu,L"]
[Black "Lupulescu,C"]
[Result "1/2-1/2"]
[WhiteElo "2430"]
[BlackElo "2571"]

1.e4 c5 2.Nf3 d6 3.Bb5+ Nd7 4.d4 Nf6 5.e5 Qa5+ 6.Nc3 Ne4 7.Bd2 Nxc3 8.Bxd7+ Bxd7
9.Bxc3 Qa6 10.exd6 O-O-O 11.Ne5 exd6 12.Nxd7 Rxd7 13.d5 Re7+ 14.Kd2 g6 15.Qf3 Bh6+
16.Kd1 Rhe8 17.Qh3+ f5 18.Qxh6 Qe2+ 19.Kc1 Qxf2 20.Kb1 Qxg2 21.Rc1 Re2 22.h4 Qxd5
23.a4 Qf7 24.a5 d5 25.h5 f4 26.hxg6 hxg6 27.b4 d4 28.Bb2 Qf5 29.Ra3 f3 30.Qh1 R2e3
31.bxc5 Rxa3 32.Bxa3 d3 33.a6 bxa6 34.Bb4 g5 35.Qh6 dxc2+ 36.Kb2 Kb7 37.c6+ Ka8
38.Qd6 Qb5 39.Rxc2 a5 40.c7 Rc8 41.Qe6 Qxb4+ 42.Ka2 Qb7 43.Qf5 g4 44.Qxg4 Qd5+
45.Qc4 Qxc4+ 46.Rxc4 Kb7 47.Rf4 Rxc7 48.Rxf3 Kb6 49.Ka3  1/2-1/2

[Event "FSGM November"]
[Site "Budapest HUN"]
[Date "2006.11.11"]
[Round "8"]
[White "Fogarasi,T"]
[Black "Paschall,W"]
[Result "1/2-1/2"]
[WhiteElo "2425"]
[BlackElo "2374"]

1.e4 c5 2.Nf3 d6 3.Bb5+ Nc6 4.c3 Nf6 5.Qe2 Bg4 6.h3 Bxf3 7.Qxf3 Qb6 8.Na3 g6
9.Qe2 Nd7 10.Nc4 Qc7 11.Ne3 Bg7 12.O-O a6 13.Ba4 b5 14.Bc2 O-O 15.d3 e6 16.f4 b4
17.Bd2 bxc3 18.bxc3 Rab8 19.f5 Rbe8 20.Qf2 exf5 21.Nd5 Qc8 22.exf5 Re5 23.f6 Rxd5
24.fxg7 Kxg7 25.Bb3 Rxd3 26.Bc4 Rxd2 27.Qxd2 Nde5 28.Bd5 Ne7 29.Rab1 c4 30.Qd4 Nf5
31.Qb6 Qe8 32.a4 Ne7 33.Qxd6 Nxd5 34.Qxd5 Nd3 35.Qd4+ Kg8 36.Rb7 g5 37.Rbb1 Qe2
38.Rf5  1/2-1/2

[Event "TCh-ROM Divizia A Feminin"]
[Site "Predeal ROM"]
[Date "2006.11.11"]
[Round "8"]
[White "Ionescu,I"]
[Black "Sudakova,I"]
[Result "1/2-1/2"]
[WhiteElo "2286"]
[BlackElo "2392"]

1.e4 c5 2.Nf3 d6 3.Bb5+ Bd7 4.Bxd7+ Qxd7 5.c4 Nf6 6.Nc3 Nc6 7.O-O g6 8.d4 cxd4
9.Nxd4 Bg7 10.Nde2 Qe6 11.Nd5 Qxe4 12.Nc7+ Kd7 13.Nxa8 Qxc4 14.Nb6+ axb6
15.Nc3 e6 16.Be3 Nd5 17.Nxd5 Qxd5 18.Bxb6 Bxb2 19.Rb1 Qxd1 20.Rfxd1 Be5 21.f4 Bxf4
22.Rf1 e5 23.g3 Bg5 24.Rxf7+ Be7 25.Be3 Ke6 26.Rf2 Rb8 27.Rfb2 Ra8 28.Rc2 Nd8
29.Bb6 Nc6 30.Be3 Nd8 31.Bb6 Nc6 32.Be3  1/2-1/2

[Event "TCh-NOR 2006-7"]
[Site "Oslo NOR"]
[Date "2006.11.12"]
[Round "3"]
[White "Gudbrandsen,G"]
[Black "Jansson,J"]
[Result "1/2-1/2"]
[WhiteElo "2283"]
[BlackElo "2221"]

1.e4 c5 2.Nf3 d6 3.Bb5+ Nc6 4.O-O Bg4 5.c3 a6 6.Be2 Nf6 7.d4 e6 8.h3 Bxf3
9.Bxf3 Be7 10.d5 exd5 11.exd5 Ne5 12.Be2 O-O 13.c4 Ne8 14.f4 Nd7 15.Nc3 f5
16.Bd3 g6 17.b3 Bf6 18.Bb2 Ng7 19.Qc2 Bd4+ 20.Kh2 Nf6 21.g3 Rf7 22.Ne2 Bxb2
23.Qxb2 Qf8 24.Ng1 Re8 25.Rae1 Ne4 26.Nf3 Rfe7 27.Qc2 h6 28.Re2 Nh5 29.Bxe4 fxe4
30.Nd2 Ng7 31.Rxe4 Nf5 32.Rfe1 Qf6 33.Qd3 Kg7 34.g4 Nd4  1/2-1/2

[Event "TCh-NOR 2006-7"]
[Site "Oslo NOR"]
[Date "2006.11.12"]
[Round "3"]
[White "Persson,M2"]
[Black "Urkedal,F"]
[Result "1-0"]
[WhiteElo "2101"]
[BlackElo "2115"]

1.e4 c5 2.Nf3 d6 3.Bb5+ Bd7 4.Bxd7+ Qxd7 5.c4 Nc6 6.Nc3 Ne5 7.d3 Nf6 8.O-O g6
9.Ne1 Bg7 10.f4 Nc6 11.Nf3 O-O 12.h3 a6 13.Be3 Rab8 14.a4 Rfc8 15.Qd2 b6
16.g4 Ne8 17.f5 Nd4 18.Bxd4 cxd4 19.Ne2 b5 20.axb5 axb5 21.b3 bxc4 22.bxc4 e6
23.Nexd4 Qb7 24.Qf2 Nc7 25.Ra2 Ra8 26.Rxa8 Rxa8 27.Ng5 Qb6 28.f6 Bf8 29.Kh1 Ra3
30.Qh4 h6 31.Ngf3 Rxd3 32.Nf5 exf5 33.gxf5 Qb3 34.Qg4 Rd1 35.Rxd1 Qxd1+ 36.Kh2 Qe2+
37.Kg3 Ne8 38.fxg6 Nxf6 39.gxf7+ Kh8 40.Qg6 Qxe4 41.Qxf6+ Kh7 42.Nd4 Qe3+
43.Nf3 Qd3 44.Qe6 Bg7 45.Kf4 Be5+ 46.Nxe5 dxe5+ 47.Kxe5 Qg3+ 48.Kd5 Qg5+
49.Kc6 Kg7 50.Qg4 Qxg4 51.hxg4 Kxf7 52.Kd7 Kf6 53.c5 Kg5 54.c6 Kxg4 55.c7 h5
56.c8=Q h4 57.Qc1  1-0

[Event "TCh-NOR 2006-7"]
[Site "Oslo NOR"]
[Date "2006.11.12"]
[Round "3"]
[White "Fossan,E"]
[Black "Elsness,F"]
[Result "1/2-1/2"]
[WhiteElo "2382"]
[BlackElo "2432"]

1.e4 c5 2.Nf3 d6 3.Bb5+ Nc6 4.Bxc6+ bxc6 5.O-O e5 6.c3 Bg4 7.h3 Bh5 8.Re1 Be7
9.d3 Nf6 10.Nbd2 O-O 11.Nf1 Nd7 12.Ng3  1/2-1/2

[Event "Nacional de Mestres"]
[Site "Barreiro POR"]
[Date "2006.11.14"]
[Round "1"]
[White "Leonardo,Joa"]
[Black "Fernando,D"]
[Result "1/2-1/2"]
[WhiteElo "2282"]
[BlackElo "2465"]

1.e4 c5 2.Nf3 d6 3.Bb5+ Nd7 4.d4 a6 5.Bxd7+ Bxd7 6.O-O cxd4 7.Qxd4 e5 8.Qd3 h6
9.a4 Nf6 10.c4 b5 11.b3 Be7 12.Nc3 b4 13.Ne2 Nh5 14.Rd1 Qc7 15.Bb2 Be6 16.Rac1 Qc5
17.Ne1 O-O 18.Qf3 Nf6 19.h3 Nd7 20.Ng3 Bg5 21.Rc2 g6 22.Bc1 Bxc1 23.Rcxc1 Qc6
24.Nc2 a5 25.Ne3 Nc5 26.Nd5 Bxd5 27.Rxd5 Rae8 28.Rcd1 Re6 29.R1d2 Qc7 30.Qd1 h5
31.Qf3 Qe7 32.Qe3 Kh7 33.f3 Rc8 34.Ne2 Qf8 35.Nc1 Rc6 36.Qe2 Qh6 37.Qd1 Nb7
38.Nd3 Rc7 39.Kh1 Re8 40.Qe2 Rc6 41.Rd1 Kg8 42.Qf2 Qf8 43.Qa7 Re7 44.Qe3 Re8
45.Qg5 Qe7 46.Qh6 Qf8 47.Qg5 Qe7 48.Qh6 Qf8  1/2-1/2

[Event "ch-CRO"]
[Site "Kutina CRO"]
[Date "2006.11.14"]
[Round "4"]
[White "Zelcic,R"]
[Black "Brkic,A"]
[Result "1-0"]
[WhiteElo "2556"]
[BlackElo "2541"]

1.e4 c5 2.Nf3 d6 3.Bb5+ Bd7 4.Bxd7+ Nxd7 5.O-O Ngf6 6.Qe2 Rc8 7.c4 g6 8.Nc3 Bg7
9.d4 cxd4 10.Nxd4 a6 11.Rd1 O-O 12.Be3 e6 13.Rac1 Qc7 14.b3 Qb8 15.h3 Rfe8
16.Nf3 Rc6 17.a4 Nc5 18.Qc2 Ncd7 19.Qd3 Bf8 20.Bg5 Bg7 21.Qe3 Nh5 22.Bh6 Bh8
23.Nd4 Rcc8 24.Nde2 Qc7 25.Qd2 Nc5 26.Rb1 Nf6 27.Qf4 Qe7 28.Bg5 Rc6 29.b4 Ncd7
30.c5 e5 31.Qh4 Qe6 32.cxd6 Rxd6 33.b5 Rxd1+ 34.Rxd1 Bg7 35.Nd5 Nxd5 36.exd5 Qf5
37.Rc1 axb5 38.axb5 Nb6 39.Rc7 Nxd5 40.Rxb7 Qc2 41.Ng3 Qc8 42.Ra7 Qc5 43.Qa4 Nc3
44.Qa5 e4 45.b6 Qxa5 46.Rxa5 Rb8 47.Bf4  1-0

[Event "Nacional de Mestres"]
[Site "Barreiro POR"]
[Date "2006.11.15"]
[Round "2"]
[White "Pina,Vl"]
[Black "Damaso,R"]
[Result "1-0"]
[WhiteElo "2253"]
[BlackElo "2449"]

1.e4 c5 2.Nf3 d6 3.Bb5+ Nd7 4.O-O a6 5.Bc4 e6 6.a4 Ngf6 7.Re1 b6 8.d3 Be7
9.Nc3 Bb7 10.h3 Qc7 11.Bf4 Ne5 12.Ba2 Rg8 13.Nd2 g5 14.Bg3 h5 15.Nc4 h4 16.Bxe5 dxe5
17.g4 hxg3 18.fxg3 O-O-O 19.g4 Rh8 20.Re3 Nd5 21.Rf3 Nf4 22.Qf1 Rh4 23.Re1 Rdh8
24.Ree3 Kb8 25.Rg3 Bc6 26.Kh2 b5 27.axb5 axb5 28.Nd2 f5 29.Bxe6 Nxe6 30.exf5 Nd4
31.Nce4 Nxc2 32.Re2 Nb4 33.f6 Rf8 34.Nf3 Bxf6 35.Nxh4 gxh4 36.Rf3 Nd5 37.g5 Nf4
38.gxf6 Rxf6 39.Rc2 Bxe4 40.dxe4 c4 41.b3 Rg6 42.bxc4 Qc5 43.Rb3 b4 44.Qe1 Kc7
45.Rcb2 Rg3 46.Rxg3 hxg3+ 47.Qxg3 Qxc4 48.Qg7+ Kb6 49.Qxe5 Nd3 50.Qd6+ Kb5
51.Qb8+ Ka4 52.Qa7+ Kb5 53.Qd7+ Kb6 54.Rd2 Ne5 55.Qd8+ Ka6 56.Qa8+  1-0

[Event "RGSU GM"]
[Site "Moscow RUS"]
[Date "2006.11.16"]
[Round "11"]
[White "Komliakov,V"]
[Black "Sjugirov,S"]
[Result "1/2-1/2"]
[WhiteElo "2438"]
[BlackElo "2444"]

1.e4 c5 2.Nf3 d6 3.Bb5+ Bd7 4.Bxd7+ Qxd7 5.c4 Nf6 6.Nc3 g6 7.d4 cxd4 8.Nxd4 Bg7
9.f3 O-O 10.Be3 Nc6 11.Nde2 a6 12.Na4 Rab8 13.Nb6 Qd8 14.Qd2 Nd7 15.Nxd7 Qxd7
16.Rc1 Ne5 17.b3 b5 18.cxb5 Qxb5 19.O-O Rbc8 20.Nc3 Qb7 21.Na4 Nd7 22.Rxc8 Rxc8
23.Rc1 Rxc1+ 24.Qxc1 h5 25.Nb2 d5 26.exd5 Qxd5 27.Qd1 Qe6 28.Nc4 Ne5 29.Nxe5 Qxe5
30.Qc1 Kh7 31.b4 Qe6 32.Bc5 Bf6 33.a4 Qb3 34.a5 Qd3 35.h3 Bd4+ 36.Kh1 e5
37.Kh2 Qe2 38.Qg5 Qf2 39.Bxd4 exd4 40.Qf6 d3  1/2-1/2

[Event "Open"]
[Site "Liberec CZE"]
[Date "2006.11.17"]
[Round "8"]
[White "Chudinovskikh,A"]
[Black "Pinc,M"]
[Result "1-0"]
[WhiteElo "2340"]
[BlackElo "2192"]

1.e4 c5 2.Nf3 d6 3.Bb5+ Bd7 4.Bxd7+ Nxd7 5.c4 Ngf6 6.Nc3 g6 7.d4 cxd4 8.Nxd4 Bg7
9.O-O O-O 10.Be3 a6 11.b3 Rc8 12.Rc1 Nc5 13.f3 Re8 14.Qd2 Ncd7 15.Rfd1 Ne5
16.h3 Qc7 17.Qf2 Nc6 18.a4 Nxd4 19.Bxd4 Nd7 20.Bxg7 Kxg7 21.Kh1 Kg8 22.Nd5 Qc5
23.Qh4 f6 24.Rc3 a5 25.f4 Kg7 26.Rg3 Nf8 27.Ne3 Qb4 28.Nf5+ Kh8 29.Qh6 Ne6
30.Rxg6 Qxb3 31.Rg7  1-0

[Event "Bundesliga 2006-7"]
[Site "Hamburg GER"]
[Date "2006.11.18"]
[Round "3"]
[White "Skripchenko,A"]
[Black "Wegener,O"]
[Result "1-0"]
[WhiteElo "2427"]
[BlackElo "2404"]

1.e4 c5 2.Nf3 d6 3.Bb5+ Bd7 4.Bxd7+ Qxd7 5.O-O Nf6 6.e5 dxe5 7.Nxe5 Qc8 8.Qf3 e6
9.Nc3 Be7 10.d3 O-O 11.Bg5 Nd5 12.Bxe7 Nxe7 13.Ne4 Nbc6 14.Nc4 Nd4 15.Qh5 Nd5
16.c3 Nf5 17.f4 Qc7 18.Qf3 b5 19.Ncd2 Rad8 20.Rae1 Nb6 21.g4 Nd6 22.f5 Nxe4
23.Nxe4 Nd7 24.f6 Qe5 25.Qh3 Kh8 26.Qh4 h6 27.Rf3 Qd5 28.Rh3 Qe5 29.Rf1 Rfe8
30.fxg7+ Qxg7 31.Rxf7  1-0

[Event "1st GMA Cup"]
[Site "Manila PHI"]
[Date "2006.11.18"]
[Round "2"]
[White "Ni Hua"]
[Black "Nava,R"]
[Result "1-0"]
[WhiteElo "2621"]
[BlackElo "2348"]

1.e4 c5 2.Nf3 d6 3.Bb5+ Bd7 4.Bxd7+ Qxd7 5.c4 Nc6 6.Nc3 e5 7.O-O g6 8.a3 Bg7
9.Rb1 Nge7 10.b4 O-O 11.d3 h6 12.Be3 b6 13.Nd5 f5 14.Bd2 Rf7 15.Bc3 Raf8
16.Nd2 f4 17.bxc5 bxc5 18.Rb3 Nd8 19.Qf3 Nec6 20.Rfb1 g5 21.Qh5 Qe6 22.Nf3 Bh8
23.h3 Rh7 24.Kf1 Qf7 25.Qg4 Qd7 26.Ke2 Qxg4 27.hxg4 Rd7 28.Rb5 Rff7 29.a4 Ne6
30.a5 h5 31.gxh5 g4 32.Nh4 Ned4+ 33.Bxd4 Nxd4+ 34.Kd2 Nxb5 35.cxb5 Bg7 36.Nf5 Bf8
37.Kc3 Rb7 38.a6 Rb8 39.Kc4 Kh8 40.b6 axb6 41.Rxb6 Rd8 42.Kb5  1-0

[Event "1st GMA Cup"]
[Site "Manila PHI"]
[Date "2006.11.18"]
[Round "2"]
[White "Estimo,S"]
[Black "Chan Wei Yi,V"]
[Result "0-1"]
[WhiteElo "2279"]
[BlackElo "1851"]

1.e4 c5 2.Nf3 d6 3.Bb5+ Bd7 4.Bxd7+ Qxd7 5.O-O Nc6 6.Re1 Nf6 7.c3 e6 8.d4 d5
9.e5 Ne4 10.Ng5 cxd4 11.cxd4 Nxd4 12.Qxd4 Bc5 13.Rxe4 Bxd4 14.Rxd4 O-O 15.Nc3 Rac8
16.Be3 f6 17.exf6 Rxf6 18.Rad1 b5 19.Nf3 Rf5 20.Nh4 Rf6 21.Nf3 Rf5 22.Nh4 Rf6
23.Ne4 Rff8 24.Nf3 Qc7 25.Nc3 Qa5 26.a3 Rc4 27.Ne5 Rxd4 28.Rxd4 Qc7 29.f4 a6
30.h3 g5 31.Nd3 gxf4 32.Bxf4 Qf7 33.Be5 Qf1+ 34.Kh2 Rf5 35.Bd6 h5 36.Bg3 Rg5
37.Nf2 Kh7 38.h4 Rg6 39.Rf4 Qc1 40.Nd3 Qd2 41.Rf7+ Kg8 42.Rf3 Kh7 43.Ne5 Rg7
44.Nf7 Qxb2 45.Ng5+ Kg8 46.Be5 Rg6 47.Bd4 Qxa3 48.Nf7 Qe7 49.Ng5 e5 50.Bf2 d4
51.Nce4 a5 52.Bg3 b4 53.Rf5 b3 54.Bxe5 b2 55.Nd2 Qb4 56.Nb1 Qe1 57.Na3 Qxh4+
58.Nh3 Qe4  0-1

[Event "IV Final Russian Cup Women"]
[Site "Moscow RUS"]
[Date "2006.11.18"]
[Round "10"]
[White "Prudnikova,E"]
[Black "Lupik,M"]
[Result "0-1"]
[WhiteElo "2166"]
[BlackElo "2224"]

1.e4 c5 2.Nf3 d6 3.Bb5+ Bd7 4.Bxd7+ Qxd7 5.O-O Nf6 6.Re1 Nc6 7.c3 e6 8.d4 cxd4
9.cxd4 d5 10.e5 Ne4 11.Nbd2 Nxd2 12.Bxd2 Be7 13.Rc1 O-O 14.Rc3 Rfc8 15.a3 Qd8
16.Rd3 Na5 17.h4 Nc4 18.Bc1 Rc7 19.h5 h6 20.Nh2 Rac8 21.Ng4 Bg5 22.Bxg5 Qxg5
23.Rg3 Kh8 24.Nf6 Qf5 25.Rf3 Nxb2 26.Rxf5 Nxd1 27.Nxd5 Rd7 28.Rxd1 exf5 29.Ne3 f4
30.Nf5 Rc3 31.a4 Kh7 32.a5 Rc6 33.g4 Re6 34.Rc1 f6 35.exf6 Rxf6 36.Rc5 b6
37.axb6 Rxb6 38.d5 g6 39.hxg6+ Rxg6 40.Kg2 Rxg4+ 41.Kf3 Rg5 42.d6 Kg6 43.Rc7 Rd8
44.Ne7+ Kf6 45.Nc8 a5 46.d7 Rb5 47.Nd6 Rd5 48.Ne4+ Kf5 49.Nc5 h5 50.Rc8 R5xd7
51.Rc6 Rh7 52.Ra6 h4 53.Kg2 h3+ 54.Kh2 Rd2 55.Rxa5 Rxf2+ 56.Kg1 h2+  0-1

[Event "TCh-BEL 2006-7"]
[Site "Belgium BEL"]
[Date "2006.11.19"]
[Round "4"]
[White "Laurent,B"]
[Black "Vermeulen,B"]
[Result "0-1"]
[WhiteElo "2400"]
[BlackElo "2269"]

1.e4 c5 2.Nf3 d6 3.Bb5+ Bd7 4.Bxd7+ Qxd7 5.O-O Nf6 6.Re1 Nc6 7.c3 e6 8.d4 cxd4
9.cxd4 d5 10.e5 Ne4 11.Nbd2 Nxd2 12.Bxd2 Be7 13.Rc1 O-O 14.Rc3 Qd8 15.Rd3 Rc8
16.a3 b5 17.h4 Re8 18.Ng5 h6 19.Qh5 hxg5 20.hxg5 g6 21.Qh4 Bf8 22.g4 Bg7
23.Kg2 a5 24.Rh1 Kf8 25.f4 Ne7 26.Qe1 Ra8 27.Rh7 Qb6 28.Qh4 Ng8 29.Qf2 Rec8
30.f5 exf5 31.gxf5 gxf5 32.Qxf5 Ne7 33.Qf4 Qg6 34.Rf3 Rc2 35.Rh1 Qf5 36.Qe3 Qe4
37.Kg3 Nf5+  0-1

[Event "TCh-BEL 2006-7"]
[Site "Belgium BEL"]
[Date "2006.11.19"]
[Round "4"]
[White "Belkhodja,S"]
[Black "Kovalev,An"]
[Result "1/2-1/2"]
[WhiteElo "2475"]
[BlackElo "2548"]

1.e4 c5 2.Nf3 d6 3.Bb5+ Bd7 4.Bxd7+ Qxd7 5.O-O Nc6 6.c3 Nf6 7.d4 Nxe4 8.d5 Ne5
9.Re1 Nxf3+ 10.Qxf3 Nf6 11.c4 e5 12.dxe6 fxe6 13.Bg5 Be7 14.Nc3 O-O 15.Qh3 h6
16.Qxe6+ Qxe6 17.Rxe6 Kf7 18.Rae1 Rfe8 19.Bd2 Bf8 20.Rxe8 Rxe8 21.Rd1 Ne4
22.Kf1 Nxc3 23.Bxc3 a6 24.a4 b5 25.axb5 axb5 26.cxb5 Rb8 27.b4 Rxb5 28.bxc5  1/2-1/2

[Event "1st GMA Cup"]
[Site "Manila PHI"]
[Date "2006.11.20"]
[Round "6"]
[White "Tolentino,R"]
[Black "Chan Wei Yi,V"]
[Result "1-0"]
[WhiteElo "2275"]
[BlackElo "1851"]

1.e4 c5 2.Nf3 d6 3.Bb5+ Bd7 4.Bxd7+ Qxd7 5.c4 Nc6 6.Nc3 e6 7.O-O Nf6 8.d4 cxd4
9.Nxd4 Be7 10.b3 O-O 11.Bb2 Rfd8 12.Re1 Qc7 13.Rc1 Rac8 14.Nd5 Qd7 15.Nxc6 bxc6
16.Nxf6+ Bxf6 17.Bxf6 gxf6 18.Rc3 Kh8 19.Rd3 d5 20.Qf3 Qe7 21.exd5 cxd5 22.Qh5 Rg8
23.cxd5 Rg5 24.d6 Qd7 25.Qh6 Rg6 26.Qd2 Rc5 27.g3 Rgg5 28.Rd1 Kg7 29.Qf4 Rgf5
30.Qb4 a5 31.Qh4 Rh5 32.Qg4+ Rhg5 33.Qf3 Rgf5 34.Qg2 Rc2 35.R3d2 Rcc5 36.h4 h5
37.Kh2 Kh6 38.Qe4 Rce5 39.Qg2 Rc5 40.Kg1 Rc8 41.Qe4 Rcc5 42.Qa8 Kg7 43.Qe4 Rce5
44.Qa4 Rb5 45.Rc1 Rb7 46.Qxd7 Rxd7 47.Rc7 Rxc7 48.dxc7 Rc5 49.Rd7 f5 50.Kg2 e5
51.Rd5 Rxc7 52.Rxe5 Ra7 53.Rxf5 Kg6 54.Rg5+ Kh6 55.Kf3 a4 56.Rb5 axb3 57.axb3 f6
58.Kf4 Ra2 59.f3 Kg6 60.g4 hxg4 61.fxg4 Rf2+ 62.Kg3 Rf1 63.Rb6 Rg1+ 64.Kf3 Rf1+
65.Kg2 Rf4 66.Kg3 Rf1 67.g5 Rg1+ 68.Kf2 Rg4 69.Rxf6+ Kg7 70.Rh6 Rb4 71.Kg3 Rxb3+
72.Kg4 Rb4+ 73.Kh5 Rb5 74.Rc6 Rb7 75.Rc5 Rf7 76.g6 Rf6 77.Rc7+ Kg8 78.Kh6 Rf8
79.h5 Rd8 80.Rg7+ Kh8 81.Rf7 Kg8 82.Kg5 Rd5+ 83.Rf5 Rd1 84.h6 Rd7 85.h7+  1-0

[Event "Capablanca mem Open"]
[Site "Havana CUB"]
[Date "2006.11.21"]
[Round "1"]
[White "Lawson,E"]
[Black "Almeida,O"]
[Result "1-0"]
[WhiteElo "2393"]
[BlackElo "2500"]

1.e4 c5 2.Nf3 d6 3.Bb5+ Bd7 4.Bxd7+ Qxd7 5.c4 Nc6 6.O-O g6 7.d4 cxd4 8.Nxd4 Bg7
9.Be3 Nf6 10.f3 O-O 11.Nc3 e6 12.Qd2 Ne5 13.b3 a6 14.Rfd1 Rfd8 15.Rac1 Rac8
16.Bg5 Qe7 17.Kh1 Qf8 18.a4 h6 19.Be3 Kh7 20.a5 Qe7 21.Nde2 Nh5 22.Bb6 Rd7
23.f4 Nc6 24.e5 Qh4 25.exd6 e5 26.Ne4 exf4 27.Nc5 Nd4 28.Nxf4 Rxc5 29.Bxc5 Nxb3
30.Qe3 Nxc1 31.g3 Nxg3+ 32.Qxg3 Qxg3 33.hxg3 Nb3 34.Bb6 Be5 35.Rd3 Nc1 36.Rd1 g5
37.Nd5 Rxd6 38.Rxc1 Rc6 39.Kg2 Kg7 40.g4 h5 41.gxh5 Kh6 42.c5 Re6 43.Rf1 f6
44.Bd8 Bd4 45.Nxf6 Bxc5 46.Rf5 Be3 47.Ng4+ Kxh5 48.Nxe3 Rxe3 49.Rxg5+ Kh6
50.Rd5 Rb3 51.Bb6 Kg6 52.Rd7 Kf5 53.Rxb7 Rb2+ 54.Kf3 Rb3+ 55.Ke2 Ke4 56.Re7+ Kd5
57.Ra7 Kc6 58.Rxa6 Ra3 59.Ra7 Kb5 60.Kd2 Rh3 61.Be3 Rh4 62.Kd3 Ra4 63.Bb6 Ra1
64.Ke4 Ra2 65.Kd5 Ra1 66.Kd6 Rh1 67.Kc7 Rh7+ 68.Kb8 Rh8+ 69.Kb7 Rh7+ 70.Bc7 Rg7
71.Ra8  1-0

[Event "Capablanca mem Open"]
[Site "Havana CUB"]
[Date "2006.11.21"]
[Round "1"]
[White "Delgado,N"]
[Black "Perez,Or"]
[Result "0-1"]
[WhiteElo "2534"]
[BlackElo "2415"]

1.e4 c5 2.Nf3 d6 3.Bb5+ Nd7 4.c3 Nf6 5.Qe2 a6 6.Ba4 e6 7.O-O Be7 8.d4 O-O
9.Bc2 Re8 10.Bg5 Qc7 11.Nbd2 cxd4 12.Nxd4 b5 13.f4 Bb7 14.Rae1 h6 15.Bh4 Nxe4
16.Bxe7 Nxd2 17.Qd3 Ne4 18.Rxe4 Nc5 19.Nxe6 fxe6 20.Rc4 bxc4 21.Qh7+ Kf7
22.Bh4 Be4 23.Bxe4 Nxe4 24.Qxe4 Kg8 25.Bf2 Rab8 26.Qe2 Rb5 27.Bd4 e5 28.f5 Reb8
29.Be3 Rxb2 30.Qg4 Rb1 31.Bc1 d5 32.h4 Rf8 33.Kh2 Rf6 34.Qe2 Rb8 35.g4 Rff8
36.Qf2 Qf7 37.Rd1 Rbd8 38.Qg3 Rfe8 39.Qg2 h5 40.Bg5 Rd6 41.gxh5 Qxf5 42.h6 e4
43.Rf1 Qg6 44.hxg7 Qxg7 45.Rg1 Rg6 46.h5 Qe5+ 47.Kh1 Rg7 48.Qg4 Qe6 49.Qh4 Kh7
50.h6 Rg6 51.Rf1 e3  0-1

[Event "37th National Chess Congress"]
[Site "Philadelphia USA"]
[Date "2006.11.26"]
[Round "6"]
[White "Raghunathan,Y"]
[Black "Samuelson,A"]
[Result "0-1"]
[WhiteElo "1857"]
[BlackElo "2173"]

1.e4 c5 2.Nf3 d6 3.Bb5+ Bd7 4.Bxd7+ Qxd7 5.O-O Nf6 6.Qe2 Nc6 7.Rd1 g6 8.c3 Bg7
9.d4 cxd4 10.cxd4 O-O 11.Nc3 Rac8 12.Bg5 h6 13.Bxf6 Bxf6 14.e5 Bg7 15.Ne4 b6
16.Rac1 d5 17.Nc3 Na5 18.b3 Rc6 19.Qd2 Rfc8 20.Ne2 e6 21.Rxc6 Rxc6 22.Rc1 Bf8
23.Kf1 Kg7 24.Ke1 Ba3 25.Rxc6 Qxc6 26.Qc3 Qb5 27.Kd1 Nc6 28.Nd2 Bb4 29.Qf3 Qa5
30.Qf6+ Kg8 31.Nf4 Be7  0-1

[Event "XIV Salona GM"]
[Site "Solin CRO"]
[Date "2006.11.27"]
[Round "4"]
[White "Kurajica,B"]
[Black "Movsesian,S"]
[Result "1/2-1/2"]
[WhiteElo "2555"]
[BlackElo "2637"]

1.e4 c5 2.Nf3 d6 3.Bb5+ Nc6 4.O-O Bd7 5.Re1 Nf6 6.h3 e6 7.c3 Ne5 8.Bxd7+ Qxd7
9.d4 Nxf3+ 10.Qxf3 d5 11.e5 Ne4 12.Nd2 cxd4 13.Nxe4 dxe4  1/2-1/2

[Event "75th ch-UKR w"]
[Site "Odessa UKR"]
[Date "2006.11.28"]
[Round "3"]
[White "Dolzhikova,K"]
[Black "Breslavska,G"]
[Result "1-0"]
[WhiteElo "2324"]
[BlackElo "2176"]

1.e4 c5 2.Nf3 d6 3.Bb5+ Bd7 4.Bxd7+ Qxd7 5.c4 Nf6 6.Nc3 Nc6 7.d4 cxd4 8.Nxd4 g6
9.f3 Bg7 10.Be3 O-O 11.Qd2 Rfc8 12.b3 Qd8 13.O-O Qa5 14.Rad1 a6 15.a4 Qb4
16.Nd5 Nxd5 17.exd5 Qxd2 18.Rxd2 Nxd4 19.Bxd4 Bxd4+ 20.Rxd4 b5 21.axb5 axb5
22.cxb5 Ra2 23.b6 Rb8 24.Ra4 Rxa4 25.bxa4 Rxb6 26.a5 Ra6 27.Ra1 Kg7 28.Kf2 Kf6
29.f4 e6 30.Ke3 exd5 31.Kd4 Ke6 32.g3 h5 33.h4 Kd7 34.Kxd5 Kc7 35.Kc4 Rc6+
36.Kd4 Ra6 37.Ra3 Kc6 38.Kc4 d5+ 39.Kb4 Ra8 40.a6 Rb8+ 41.Kc3 Ra8 42.a7 Kc5
43.Kd3 Kb4 44.Ra1 Kc5 45.Ra2 Kc6 46.Kd4 Kb7 47.Kxd5 Rd8+ 48.Ke5 Ka8 49.Ra3 f5
50.Kf6 Rd6+ 51.Kf7 Rb6 52.Re3 Kxa7 53.Re6 Rb3 54.Rxg6 Kb7 55.Kf6 Kc7 56.Kxf5 Kd7
57.Rg5 Ke7 58.Kg6  1-0